Statistics for Name a Hall of Famer for Each NHL Team

Click here to take the quiz!

General Stats

  • This quiz has been taken 17 times
  • The average score is 20 of 29

Answer Stats

TeamAnswer% Correct
Boston BruinsDave Andreychuk, Marty Barry, Bobby Bauer...
92%
Dallas StarsEd Belfour, Guy Carbonneau, Bob Gainey...
92%
Edmonton OilersGlenn Anderson, Paul Coffey, Grant Fuhr, Wayne Gretzky...
92%
Montréal CanadiensMarty Barry, Jean Béliveau, Toe Blake, Emile (Butch) Bouchard...
92%
Los Angeles KingsRob Blake, Paul Coffey, Marcel Dionne, Dick Duff...
92%
Detroit Red WingsSid Abel, Daniel Alfredsson, Marty Barry, Andy Bathgate...
92%
Pittsburgh PenguinsTom Barrasso, Andy Bathgate, Leo Boivin, Paul Coffey...
92%
Philadelphia FlyersBill Barber, Bobby Clarke, Paul Coffey, Peter Forsberg...
83%
New York RangersGlenn Anderson, Andy Bathgate, Doug Bentley, Max Bentley...
83%
Toronto Maple LeafsGlenn Anderson, Dave Andreychuk, Syl Apps, George Armstrong...
83%
St. Louis BluesGlenn Anderson, Tom Barrasso, Martin Brodeur...
83%
New York IslandersMike Bossy, Clark Gillies, Pat LaFontaine, Roberto Luongo...
83%
Anaheim DucksScott Niedermayer, Chris Pronger, Teemu Selanne
83%
Chicago BlackhawksSid Abel, Ed Belfour, Doug Bentley, Max Bentley...
83%
Vancouver CanucksAndy Bathgate, Johnny Bower, Pavel Bure, Tony Esposito...
75%
New Jersey DevilsDave Andreychuk, Martin Brodeur, Viacheslav Fetisov...
75%
Colorado AvalancheDave Andreychuk, Rob Blake, Raymond Bourque...
75%
Buffalo SabresDave Andreychuk, Tom Barrasso, Dick Duff...
67%
Florida PanthersEd Belfour, Pavel Bure, Dino Ciccarelli, Bobby Clarke...
67%
Calgary FlamesGrant Fuhr, Doug Gilmour, Phil Housley...
67%
Ottawa SenatorsJack Adams, Daniel Alfredsson, Tom Barrasso, Clint Benedict...
67%
Carolina HurricanesTom Barrasso, Paul Coffey, Ron Francis, Mark Recchi
67%
Tampa Bay LightningDave Andreychuk, Bill Barber, Dino Ciccarelli, Mark Recchi...
58%
Washington CapitalsDino Ciccarelli, Sergei Fedorov, Mike Gartner, Phil Housley
42%
San Jose SharksEd Belfour, Rob Blake, Igor Larionov, Sergei Makarov...
42%
Winnipeg JetsDave Andreychuk, Phil Housley, Bobby Hull, Serge Savard, Teemu Selanne
33%
Nashville PredatorsPeter Forsberg, Paul Kariya
33%
Arizona CoyotesMike Gartner, Brett Hull
17%
Columbus Blue JacketsSergei Fedorov
17%

Score Distribution

Percentile by Number Answered

Percent of People with Each Score

Your Score History

You have not taken this quiz